000 01622nam a2200265Ia 4500
001 18124
003 GE_BSU
008 181216s||||||||xx |||||||||||||| ||und||
020 _a97899414083297
040 _cGE_BSU
080 _a336+340
100 _aჯიბუტი, ნინო
245 _aსარეიტინგო კომპანიის სამართალი: ჩამოყალიბებისა და განვითარების პრობლემები
245 _cრედ. ირაკლი, ბურდული
250 _aსაკორპორაციო, საბანკო და ეკონომიკური სამართლის ინსტიტუტი. ივანე ჯავახიშვილის სახელობის თბილისის სახელმწიფო უნივერსიტეტი, იურიდიული ფაკულტეტი.
260 _aთბილისი
260 _bივერიონი
260 _c2015
300 _a272 გვ.21სმ.
653 _aსარეიტინგო ბაზრის ფუნქციონირების პრობლემები
653 _aსარეიტინგო კომპანია და მისი სამართალი
653 _aსარეიტინგო კომპანიის სამართალი
653 _aჩამოყალიბებისა და განვითარების პრობლემები
942 _cBK
999 _c51165
_d51165